Statistics for business and economics / (Record no. 4973)

MARC details
000 -LEADER
fixed length control field 00764nam a2200229 ar4500
001 - CONTROL NUMBER
control field 4975
005 - DATE AND TIME OF LATEST TRANSACTION
control field 20221127091052.0
008 - FIXED-LENGTH DATA ELEMENTS--GENERAL INFORMATION
fixed length control field 190607s xxka 00110|eng d
020 ## - INTERNATIONAL STANDARD BOOK NUMBER
International Standard Book Number 9781292227085(pbk) :
Terms of availability SR220..00
082 04 - DEWEY DECIMAL CLASSIFICATION NUMBER
Classification number 519.5
Item number M132 2018
100 1# - MAIN ENTRY--PERSONAL NAME
Personal name McClave, James T.
245 10 - TITLE STATEMENT
Title Statistics for business and economics /
Statement of responsibility, etc. James Mcclave, P. Benson, Terry Sincich.
250 ## - EDITION STATEMENT
Edition statement 13th edition.
260 ## - PUBLICATION, DISTRIBUTION, ETC.
Place of publication, distribution, etc. Harlow, England :
Name of publisher, distributor, etc. Pearson Education,
Date of publication, distribution, etc. 2018.
300 ## - PHYSICAL DESCRIPTION
Extent 887 pages :
Other physical details illustrations(chiefly color) ;
Dimensions 28 cm.
500 ## - GENERAL NOTE
General note Includes index.
650 #4 - SUBJECT ADDED ENTRY--TOPICAL TERM
Topical term or geographic name entry element Statistics.
650 #4 - SUBJECT ADDED ENTRY--TOPICAL TERM
Topical term or geographic name entry element Economics
General subdivision Statistical methods.
650 #4 - SUBJECT ADDED ENTRY--TOPICAL TERM
Topical term or geographic name entry element Commercial statistics.
700 0# - ADDED ENTRY--PERSONAL NAME
Personal name Benson, P. George,
Relator term jt. author.
700 0# - ADDED ENTRY--PERSONAL NAME
Personal name Sincich, Terry,
Relator term jt. author.
Holdings
Withdrawn status Lost status Source of classification or shelving scheme Damaged status Not for loan Home library Current library Date acquired Total Checkouts Full call number Barcode Date last seen Copy number Price effective from Koha item type
              11/27/2022   519.5 M132 2018 1000000016027 11/27/2022 C1 11/27/2022 Book
          CENTRAL CENTRAL 11/27/2022   519.5 M132 2018 1000000014925 11/27/2022 C2 11/27/2022 Book